000 01400nam1a2200313 i 4500
001 RU\NLR\bibl\137482
005 20260406003507.0
010 _a5-89074-026-1
035 _a(NLR Aleph) 000134672
090 _a769754
_c769754
100 _a20010301g19 9999u y0rusy50 ca
101 0 _arus
102 _aRU
105 _aa |||||||||
200 1 _aНефтепереработка и нефтехимия в Российской Федерации. 1996 год
_e[Справ.
_eВ 2 т.
_fС.А. Мельникова и др.]
210 _aМ.
_cИнфо-ТЭК-КОНСАЛТ
_d1997
215 _d30
300 _aТекст на одной стороне л.
463 0 _1001135784
463 0 _1001135785
606 0 _aНефтеперерабатывающая промышленность
_jСправочники
_yРоссийская Федерация
_92132405
_3RU\NLR\auth\661286319
606 0 _aНефтехимическая промышленность
_jСправочники
_yРоссийская Федерация
_92093674
_3RU\NLR\auth\661266993
686 _aУ30(2)565.252(2Р)я2
702 1 _4220
_8rus
_7ca
_aМельникова
_bС. А.
_cканд. хим. наук
_gСветлана Алексеевна
_3RU\NLR\auth\77113026
_995951
801 0 _aRU
_bNLR
_c20010301
_gPSBO
801 1 _aRU
_bNLR
_c20010301
852 _aNLR
_j2001-8/55
942 _cBOOK